| 000 | 00500nam a2200181 a 4500 | ||
|---|---|---|---|
| 001 | 000023349 | ||
| 005 | 20200930022146.0 | ||
| 008 | 101202s1966 ck r 000 | spa d | ||
| 040 |
_aDO-SdBNP _bspa _cBNPHU |
||
| 082 |
_a782.25 _bC331t |
||
| 100 | 1 |
_aCarvajal, Mario _948097 |
|
| 245 | 1 | 0 |
_aTorre de clamor y alabanza / _cMario Carvajal. |
| 260 |
_aCali : _bNorma, _c1966. |
||
| 300 |
_a107 p. ; _c19 cm. |
||
| 650 | 4 |
_aCanciones sacras _948098 |
|
| 650 | 4 |
_aHimnos religiosos _948099 |
|
| 049 | _aBNGR | ||
| 999 |
_c22846 _d22846 |
||